00854nam a2200193Ia 4500999001700000082001200017100002200029245009800051260006300149300000800212504004100220650006000261650004700321650004200368650003900410710004900449942001200498952015000510 c13105d13105 aRP 0283 aPandi, S.Jagadees 0aEconomic study on the impact of effluents of SSI on agricultural land in Coimbatore regionb: c2008bIndian Council of Social Science Research, New Delhi a133 aincludes appendices and bibliography aLand treatment of waste waterzIndiazCoimbatore region aWatervPollutionzIndiazCoimbatore region aAgriculturezIndiazCoimbatore region aLand usezIndiazCoimbatore region aSree Saraswati Thyagaraja College, New Delhi cRP2ddc 001040718IRPaNASSDOCbNASSDOCd2012-07-27eGifted by : RP Division, ICSSRi2012-07-13l0oRP 0283p47825r2019-04-18 00:00:00w2019-04-18yRP